Japan industrial
Enregistré dans:
| Auteur principal: | |
|---|---|
| Format: | Livre |
| Langue: | Undetermined |
| Publié: |
Tokyo
1965
|
| Sujets: | |
| Tags: |
Ajouter un tag
Pas de tags, Soyez le premier à ajouter un tag!
|
| Thư viện lưu trữ: | Trung tâm Học liệu Trường Đại học Cần Thơ |
|---|
| LEADER | 00476nam a2200193Ia 4500 | ||
|---|---|---|---|
| 001 | CTU_98991 | ||
| 008 | 210402s9999 xx 000 0 und d | ||
| 082 | |a 338.0952 | ||
| 082 | |b K59 | ||
| 100 | |a Kirkup, James | ||
| 245 | 0 | |a Japan industrial | |
| 245 | 0 | |c James Kirkup | |
| 260 | |a Tokyo | ||
| 260 | |c 1965 | ||
| 650 | |a Industries,Japan | ||
| 650 | |x Economic conditions | ||
| 650 | |z Japan | ||
| 904 | |i Truc | ||
| 980 | |a Trung tâm Học liệu Trường Đại học Cần Thơ | ||